| 000 | 00340nam a22001337a 4500 | ||
|---|---|---|---|
| 008 | 170914b xxu||||| |||| 00| 0 eng d | ||
| 020 | _a9780130223593 | ||
| 041 | _aeng | ||
| 080 |
_26 ED _a7 |
||
| 100 | _a44 | ||
| 101 | _aART | ||
| 245 |
_aPERCIVING THE ARTS AN INTRODUCTION TO THE HUMANITIES _cSPORE.D.J |
||
| 942 |
_2udc _cBK |
||
| 999 |
_c27669 _d27669 |
||